| 000 | 00471nam a2200157Ia 4500 | ||
|---|---|---|---|
| 008 | 190423s9999 xx 000 0 und d | ||
| 100 | _aCrouch, Michelle | ||
| 245 | _aFast-as-lighting facts about thunderstorm/ | ||
| 245 | _cMichelle Crouch | ||
| 260 | _bReader's Digest Asia | ||
| 260 | _c2019 | ||
| 300 | _aPages 98-99, February 2019 | ||
| 440 |
_aAsia Reader's Digest: The Power of fake pills _v115:672 |
||
| 650 | _aLightning | ||
| 650 | _aWeather (thunderstorm) | ||
| 999 |
_c361507 _d361507 |
||